书目信息 |
| 题名: |
体育锻炼与欣赏
|
|
| 作者: | 林克明 , 张振东 , 黄迎乒 编著 | |
| 分册: | ||
| 出版信息: | 郑州 郑州大学出版社 2007.08 |
|
| 页数: | 249页 | |
| 开本: | 24cm | |
| 丛书名: | 大学生文化素质教育体育书系 | |
| 单 册: | ||
| 中图分类: | G807.4 | |
| 科图分类: | ||
| 主题词: | 体育--ti yu--高等学校--教材 , 篮球运动--lan qiu yun dong--防守 (运动竞赛)--高等学校--教材 | |
| 电子资源: | ||
| ISBN: | 978-7-81106-269-4 | |
| 000 | 01292nam 2200301 450 | |
| 001 | 012008270208 | |
| 005 | 20080715102220.84 | |
| 010 | @a978-7-81106-269-4@dCNY30.00 | |
| 100 | @a20080715d2007 em y0chiy0120 ea | |
| 101 | 0 | @achi |
| 102 | @aCN@b410000 | |
| 105 | @aa z 000yy | |
| 106 | @ar | |
| 200 | 1 | @a体育锻炼与欣赏@Ati yu duan lian yu xin shang@e现代蓝球防守理论与训练@f林克明, 张振东, 黄迎乒编著@Flin ke ming,zhang zhen dong,huang ying ping bian zhu |
| 210 | @a郑州@c郑州大学出版社@d2007.08 | |
| 215 | @a249页@c图@d24cm | |
| 225 | 2 | @a大学生文化素质教育体育书系@Ada xue sheng wen hua su zhi jiao yu ti yu shu xi |
| 330 | @a本书为一部研究篮球运动防守理论与训练的专业学术著作。图文并茂,内容丰富,全面系统,理念先进,突出实用,是一部研究内容最先进,训练手段最新颖,具有一定创意的教科书和工具书。 | |
| 410 | 0 | @12001 @a大学生文化素质教育体育书系 |
| 517 | 1 | @a现代蓝球防守理论与训练@Axian dai lan qiu fang shou li lun yu xun lian |
| 606 | 0 | @a体育@Ati yu@x高等学校@j教材 |
| 606 | 0 | @a篮球运动@Alan qiu yun dong@x防守 (运动竞赛)@x高等学校@j教材 |
| 690 | @aG807.4@v4 | |
| 701 | 0 | @a林克明@Alin ke ming@4编著 |
| 701 | 0 | @a张振东@Azhang zhen dong@4编著 |
| 701 | 0 | @a黄迎乒@Ahuang ying ping@4编著 |
| 801 | 0 | @aCN@bQSSK@c20080715 |
| 905 | @b731026-28@dG807.4@eL504@f3 | |
| 体育锻炼与欣赏:现代蓝球防守理论与训练/林克明, 张振东, 黄迎乒编著.-郑州:郑州大学出版社,2007.08 |
| 249页:图;24cm.-(大学生文化素质教育体育书系) |
| ISBN 978-7-81106-269-4:CNY30.00 |
| 本书为一部研究篮球运动防守理论与训练的专业学术著作。图文并茂,内容丰富,全面系统,理念先进,突出实用,是一部研究内容最先进,训练手段最新颖,具有一定创意的教科书和工具书。 |
| ● |
| 相关链接 |
|
|
|
正题名:体育锻炼与欣赏
索取号:G807.4/L504
 
预约/预借
| 序号 | 登录号 | 条形码 | 馆藏地/架位号 | 状态 | 备注 |
| 1 | 731026 | 207310266 | 社科库409/409社科库 20排2列3层/ [索取号:G807.4/L504] | 在馆 | |
| 2 | 731027 | 207310275 | 社科库409/409社科库 20排2列3层/ [索取号:G807.4/L504] | 在馆 | |
| 3 | 731028 | 207310284 | 社科库409/409社科库 20排2列3层/ [索取号:G807.4/L504] | 在馆 |